000 00652cab a2200205 4500
001 ABS38465
008 090401t1987 xxu||||| |||| 00| 0 eng d
035 _a(Sirsi) u10824
041 _aeng
100 _aBiddle, D.
245 _aTowards flotation
260 _c1987
350 _a0
490 _aChartered Surveyor Weekly
_v21(5) 29 October 1987, 54-55(2)
520 _aThis special report on flotation s is aimed at surveyors in professional partnerships. Looks at the advantages and disadvantages involved.
650 _aINCORPORATION
690 _aMANAGEMENT-BUSINESS MANAGEMENT-PROFESSIONAL PRACTICE
942 _n0
948 _c04/03/1997
999 _c6887
_d6887